| 000 | 01187cam a2200289 a 4500 | ||
|---|---|---|---|
| 999 |
_c18799 _d18799 |
||
| 001 | 2541211 | ||
| 003 | ARRUPE | ||
| 005 | 20170529103108.0 | ||
| 008 | 940411s1994 nyua b 001 0 eng | ||
| 010 | _a 94016011 | ||
| 020 |
_a0385475462 : _c$22.95 ($29.95 Can.) |
||
| 040 |
_aDLC _cDLC _dDLC |
||
| 050 | 0 | 0 |
_aDT1756 _b.T88 1994 |
| 082 | 0 | 0 |
_a968.06/3 _220 |
| 100 | 1 |
_aTutu, Desmond. _931240 |
|
| 245 | 1 | 4 |
_aThe rainbow people of God : _bthe making of a peaceful revolution / _cDesmond Tutu ; edited by John Allen. |
| 260 |
_aNew York : _bDoubleday, _c1994. |
||
| 300 |
_axxii, 281 p. : _bill. ; _c25 cm. |
||
| 504 | _aIncludes bibliographical references (p. 272) and index. | ||
| 610 | 2 | 0 |
_aChurch of the Province of Southern Africa _xSermons. _931241 |
| 650 | 0 |
_aSermons, English _zSouth Africa. _931242 |
|
| 650 | 0 |
_aAnglican Communion _zSouth Africa _xSermons. _931243 |
|
| 651 | 0 |
_aSouth Africa _xRace relations. _931244 |
|
| 700 | 1 |
_aAllen, John, _d1952- _931245 |
|
| 906 |
_a7 _bcbc _corignew _d1 _eocip _f19 _gy-gencatlg |
||
| 942 |
_2lcc _cMONOGRAPH |
||